000 00451nam a22001817a 4500
003 MPLRDC
005 20220104123706.0
008 210129b ||||| |||| 00| 0 eng d
020 _a983-063-257-1
082 _a415.332 SHYX
100 _a生活医学出版部主编
245 _a有效防治高血压
_c
260 _a
_b生活医学书房
_c
300 _b
490 _a新健康手册
650 _a高血压
942 _cBK
_o415.332 SHYX
999 _c13420
_d13410